| 000 | 00678cam a22002291 4500 | ||
|---|---|---|---|
| 999 |
_c25123 _d25123 |
||
| 001 | 1222104 | ||
| 003 | BDDh-ASL | ||
| 005 | 20231015030441.0 | ||
| 008 | 730208s1960 miua b 000 0 eng | ||
| 010 | _a 60009974 | ||
| 040 |
_aDLC _cDLC _dDLC _dBDDh-ASL |
||
| 050 | 0 | 0 |
_aGN470 _b.S9 |
| 082 | 0 | 0 |
_a291.2 _bSWB |
| 100 | 1 | _aSwanson, Guy E. | |
| 245 | 1 | 4 |
_aThe birth of the gods : _bthe origin of primitive beliefs / |
| 260 |
_aAnn Arbor : _bUniversity of Michigan Press, _c[1960] |
||
| 300 |
_aix, 260 p. : _btables. _c22 cm. |
||
| 504 | _aBibliography: p. [244]-255. | ||
| 650 | 0 | _aReligion. | |
| 906 |
_a7 _bcbc _corignew _du _eocip _f19 _gy-gencatlg |
||
| 942 |
_2ddc _cBK |
||